000 00592nam a22001817a 4500
005 20231110161807.0
010 _aENG-137760
020 _a9789355575227
035 _aEN-121291
037 _bDBAD
082 _a600
100 _aSahoo, Reeta
_958553
245 _aInformation Technology OpenOffice / LibreOffice/
_cBy Reeta Sahoo; Gagan Sahoo And Vandana Gupta
260 _aNew Delhi
_bNew Saraswati House
_c2023
270 _a 2nd floor ,MGM Tower , 19 , Ansari Road , Daryaganj,
_bNew Delhi
_e110002
300 _a345p.
_c23cm(Pbk)
942 _2ddc
_cEN
_h600
_mSAH
999 _c196955
_d196955